000 00515nam a2200169Ia 4500
005 20250508152604.0
008 008 250505s9999 xx 000 0 eng d
037 _aTextual
040 _aFEDL
_beng
_cFEDL
041 _aeng
_2eng
084 _a374.2809914, NCE
_qFEDL
245 0 _aCIE Publications : The community school in the philippines
260 _aDelhi, India
_bCentral Institue of Education
_c1958
300 _a49p.
942 _cTEXL
_h374.2809914, NCE
999 _c1337445
_d1337445